00641cam a22002297a 4500003000500000005001700005008004100022010000900063011000900072035000900081040000900090082001500099100001700114245004000131260006500171300001900236490003000255650002600285650005300311700001700364830003000381CHAP20220329133120.0971013s1988 r 00010 d a2319 a3291 a2491 cCHAP a635.22bC500aClark, C. A. 0aCompendium of sweet potato diseases aSt. Paul, Minn. :bAmerican Phytopathological Society,c1988 a74 p.b: ilus. 0aDisease compendium series14aCamotexEnfermedades.14aTubérculos y cultivos de raízxEnfermedades.0 aMoyer, J. W.0 aDisease compendium series